| 000 | 00000nam##2200000za#4500 |
| 001 | 9.700357 |
| 003 | CaOODSP |
| 005 | 20210625000811 |
| 007 | cr ||||||||||| |
| 008 | 150407|1982||||xxc|||||o f|0| 0 eng|d |
| 040 | |aCaOODSP|beng |
| 043 | |an-cn--- |
| 086 | 1 |aA22-261/2002E-PDF |
| 110 | 1 |aCanada. |bAgriculture and Agri-Food Canada. |
| 245 | 10|aMaking progress in global agricultural trade : |h[electronic resource]|ban update on the WTO agriculture negotiations |
| 260 | |aOttawa - Ontario : |bAgriculture and Agri-Food Canada |cc2002. |
| 300 | |a48p. |
| 500 | |aHistorical publication digitized by Agriculture and Agri-Food Canada. |
| 590 | |a15-03-Supp|b2015-03-13 |
| 775 | 08|tProgresser dans le commerce mondial de produits agricoles : |w(CaOODSP)9.644255 |
| 856 | 40|ahttp://publications.gc.ca|qPDF|s2546 KB|uhttps://publications.gc.ca/collections/collection_2015/aac-aafc/A22-261-2002-eng.pdf |